ბათუმის შოთა რუსთაველის სახელმწიფო უნივერსიტეტის ბიბლიოთეკა

Красная книга культуры / (ბიბ.ჩანაწერი № 60762)

000 -LEADER
fixed length control field 00612nam a22001697a 4500
005 - DATE AND TIME OF LATEST TRANSACTION
control field 20231019121742.0
008 - FIXED-LENGTH DATA ELEMENTS--GENERAL INFORMATION
fixed length control field 231019s1989 ru ||||| |||| 00| 0 rus d
020 ## - INTERNATIONAL STANDARD BOOK NUMBER
International Standard Book Number 5210000826
041 ## - LANGUAGE CODE
Language code of text/sound track or separate title rus
080 ## - UNIVERSAL DECIMAL CLASSIFICATION NUMBER
Universal Decimal Classification number 008(470):7.078 K-78
245 ## - TITLE STATEMENT
Title Красная книга культуры /
Statement of responsibility, etc. Отв. Ред. Иван Т. Фролов.
264 ## - PRODUCTION, PUBLICATION, DISTRIBUTION, MANUFACTURE, AND COPYRIGHT NOTICE
Place of production, publication, distribution, manufacture Москва :
Name of producer, publisher, distributor, manufacturer Искусство,
Date of production, publication, distribution, manufacture, or copyright notice 1989.
300 ## - PHYSICAL DESCRIPTION
Extent 423 стр.:
Other physical details ил.;
Dimensions 24 см.
653 ## - INDEX TERM--UNCONTROLLED
keyword კულტურის წითელი წიგნი
700 ## - ADDED ENTRY--PERSONAL NAME
Personal name Фролов, Иван Т.
Relator term რედაქტორი
9 (RLIN) 20128
942 ## - ADDED ENTRY ELEMENTS (KOHA)
Source of classification or shelving scheme
Koha item type წიგნი
ეგზემპლარები
Withdrawn status Lost status Source of classification or shelving scheme Damaged status Not for loan Permanent Location Current Location Shelving location Date acquired Cost, normal purchase price Full call number Barcode Date last seen Copy number Uniform Resource Identifier Price effective from Koha item type Public note
          ბათუმის შოთა რუსთაველის სახელმწიფო უნივერსიტეტის მთავარი ბიბლიოთეკა ბათუმის შოთა რუსთაველის სახელმწიფო უნივერსიტეტის მთავარი ბიბლიოთეკა წიგნსაცავი 2023-10-19 12.00 008(470):7.078 K-78 65301 2023-10-19 65301 ბსუ-ს საპატიო დოქტორის გურამ ლორთქიფანიძის საჩუქარი 2023-10-19 წიგნი 12 ლ.